Fleet personnel: commercial air carriers

Sábháilte in:
Sonraí bibleagrafaíochta
Údar corparáideach: ICAO (Údar)
Formáid: LEABHAR
Teanga:Béarla
Fraincis
Spáinnis
Rúisis
Foilsithe / Cruthaithe: Montreal International Civil Aviation Organization 1977
Sraith:Digest of Statistics, 236
Ábhair:
Clibeanna: Cuir clib leis
Níl clibeanna ann, Bí ar an gcéad duine le clib a chur leis an taifead seo!

MARC

LEADER 00000nam a2200000 a 4500
001 UCU2547
003 CL-VaPUC
008 960426e19770000CN |||||||||||||||||eng|d
041 0 7 |a eng  |2 CL-VaPUC 
041 0 7 |a fre  |2 CL-VaPUC 
041 0 7 |a spa  |2 CL-VaPUC 
041 0 7 |a rus  |2 CL-VaPUC 
082 0 4 |a 387.7  |b ICA  |2 21 
110 2 |a ICAO  |e author  |9 358803 
245 1 0 |a Fleet personnel: commercial air carriers 
300 |a 182 p 
942 |c BK 
945 |d 19960426 00:00:00  |a cmena 
260 |a Montreal  |b International Civil Aviation Organization  |c 1977 
650 0 |a Tráfico aéreo  |9 346615 
650 0 |a Líneas aéreas  |9 358804 
650 0 |a Transportes aéreos  |9 260842 
650 7 |a CONTROL DEL TRAFICO AEREO  |2 CL-VaPUC  |9 358805 
650 0 |a Análisis estadístico  |9 269506 
583 |a last modification  |c 19960426 00:00:00  |k Rodrigo Vera 
490 0 |a Digest of Statistics, 236 
999 |c 246814  |d 246812 
952 |0 0  |1 0  |4 0  |6 387_700000000000000_ICA_1977  |7 0  |8 A  |9 262062  |a BIBING  |b BIBING  |d 2019-11-19  |i 1645730  |o 387.7 ICA 1977  |p 1645730  |r 2025-01-20  |w 2019-11-19  |y BK  |k CCL